00648nam a2200241 a 4500001001300000003000900013005001700022008004100039020000800080082001300088100001900101245002500120260002900145300000900174500003500183505001000218650002000228700001900248902000800267942000700275952010900282999001500391nice12345678IN_TiNIC20260116011632.0050524s1954 lona grp 000 0 eng  ac000a289bDAV aDavies, Horton aChristian Deviations aLondonbScm Press c1954 a126p aincludes index and biblioraphy2 aIndex aChristian-Sects1 aDavies, Horton bSRS cBK 001040708StackRoom-aHMIbHMId2005-05-24g0.00l0o289 DAVp05534r2005-05-24v0.00w2005-05-24yBK c3024d3024